| 000 | 00535nam a2200217Ia 4500 | ||
|---|---|---|---|
| 003 | OSt | ||
| 005 | 20220912153131.0 | ||
| 006 | a|||||r|||| 00| 0 | ||
| 007 | ta | ||
| 008 | 220909b |||||||| |||| 00| 0 eng d | ||
| 024 | _a19362 | ||
| 037 | _cTextual | ||
| 040 |
_aCSL _beng _cCSL |
||
| 041 | _aeng | ||
| 082 | _aY15:6.663.N7, L4 | ||
| 100 | _aMaher Vanessa | ||
| 245 | 0 | _aWomen and property in Morocco | |
| 300 |
_ap. _ccm. |
||
| 942 |
_hY15:6.663.N7, L4 _cTEXL _2CC |
||
| 999 |
_c98674 _d98674 |
||